| 000 | 00436nam a2200109Ia 4500 | ||
|---|---|---|---|
| 008 | 160909s9999 xx 000 0 und d | ||
| 100 | _aOlund, Victoria L. | ||
| 245 | 2 | _aA qualitative study of email overload and virtual working women's self-perceived job-related stress and work-life balance | |
| 260 |
_bCapella University _c2016 |
||
| 650 | _aInformation Technology | ||
| 856 | _uhttp://pqdtopen.proquest.com/doc/1809114917.html?FMT=ABS | ||
| 999 |
_c303793 _d303793 |
||